Eating in America: dietary goals for the United States
Saved in:
| Institution som forfatter: | |
|---|---|
| Format: | Bog |
| Sprog: | engelsk |
| Udgivet: |
Cambridge
MIT
1900
|
| Fag: | |
| Tags: |
Tilføj Tag
Ingen Tags, Vær først til at tagge denne postø!
|
MARC
| LEADER | 00000nam a2200000 a 4500 | ||
|---|---|---|---|
| 001 | UCV3728 | ||
| 003 | CL-VaPUC | ||
| 008 | 910813e19000000US |||||||||||||||||eng|d | ||
| 082 | 0 | 4 | |a 641.1 |b COM |2 21 |
| 110 | 2 | |a Committee on Nutrition and Human Needs |e author |9 298048 | |
| 245 | 1 | 0 | |a Eating in America: dietary goals for the United States |
| 300 | |a 79 p | ||
| 942 | |c BK | ||
| 945 | |d 19910813 00:00:00 | ||
| 260 | |a Cambridge |b MIT |c 1900 | ||
| 650 | 0 | |a Hábitos alimenticios |9 259654 | |
| 650 | 7 | |a POLITICA NUTRICIONAL |2 CL-VaPUC |9 259600 | |
| 583 | |a last modification |c 19910813 00:00:00 |k Rodrigo Vera | ||
| 999 | |c 210866 |d 210864 | ||
| 952 | |0 0 |1 0 |4 0 |6 641_100000000000000_COM_1900 |7 0 |8 A |9 187806 |a BIBALI |b BIBALI |c GEN |d 2019-11-14 |i 2553317 |o 641.1 COM 1900 |p 2553317 |r 2025-01-20 |w 2019-11-14 |y BK |k ALI | ||